The EMC desk reference encyklopedia /

Saved in:
Bibliographic Details
Main Author: White, Don (Author)
Format: Book
Language:English
Published: Gainesville : emf-emi control, 1997
Edition:1.ed.
Subjects:
Tags: Add Tag
No Tags, Be the first to tag this record!

MARC

LEADER 00000nam a22000003a 4500
001 stu10101
005 20150617225803.6
008 970909s1997----xxu-----------------eng-d
020 |a 0-932263-49-6 
040 |a STU  |b slo 
041 0 |a eng 
044 |a xxu 
080 |a 621.3.018.2 
080 |a 537.8 
080 |a 621.391.82 
080 |a 621.38 
084 |a B5230  |2 INS 
100 1 |a White, Don  |4 aut 
245 1 |a The EMC desk reference encyklopedia /  |c [aut.] White,Don 
250 |a 1.ed. 
260 |a Gainesville :  |b emf-emi control,  |c 1997 
300 |a preruš.str 
650 7 |a elektromagnetická kompatibilita  |2 stusub 
996 |b E81329  |c E*81329  |l EE12  |s P  |a 0  |w stu10101_0001